000
00458nam a2200181Ia 4500
008
100917s9999 xx 000 0 und d
082
_b
48939
100
_a
बोरकर कमलाकर
245
_a
तुफान
260
_b
त्रदिल प्रकाशन
_c
1981
300
_a
88
365
_b
6
520
_a
नाटक
630
_a
तुफान
650
_a
नाटक
730
_a
तुफान
942
_c
BOOK
999
_c
654333
_d
654330